His in joyous experience; Paul's epistle to the Philippians. (Record no. 16457)

000 -LEADER
fixed length control field 00545nam a2200169 a 4500
001 - CONTROL NUMBER
control field :::00019351$&:&@@
003 - CONTROL NUMBER IDENTIFIER
control field OkBaRHE
005 - DATE AND TIME OF LATEST TRANSACTION
control field 20010313101415.0
008 - FIXED-LENGTH DATA ELEMENTS--GENERAL INFORMATION
fixed length control field s1926 j 000 0 eng u
040 ## - CATALOGING SOURCE
Transcribing agency
100 1# - MAIN ENTRY--PERSONAL NAME
Personal name Harrison, Norman B.
245 10 - TITLE STATEMENT
Title His in joyous experience; Paul's epistle to the Philippians.
260 ## - PUBLICATION, DISTRIBUTION, ETC. (IMPRINT)
Place of publication, distribution, etc Chicago
Name of publisher, distributor, etc The Bible Institute Colportage Association.
Date of publication, distribution, etc 1926
300 ## - PHYSICAL DESCRIPTION
Extent 96 p.
942 ## - ADDED ENTRY ELEMENTS (KOHA)
Source of classification or shelving scheme
Koha item type Books
Copies
Price effective from Barcode Permanent Location Not for loan Damaged status Lost status Koha item type Shelving location Date last seen Full call number Withdrawn status Copy number Date acquired Source of classification or shelving scheme
2010-04-1419351RHEMA Bible Training College   BooksGeneral Stacks2018-04-03BS 2700.3 .H3 12010-04-14